<?xml version="1.0" encoding="UTF-8"?>
<record
    xmlns:xsi="http://www.w3.org/2001/XMLSchema-instance"
    xsi:schemaLocation="http://www.loc.gov/MARC21/slim http://www.loc.gov/standards/marcxml/schema/MARC21slim.xsd"
    xmlns="http://www.loc.gov/MARC21/slim">

  <leader>01710nas a2200277Ia 4500</leader>
  <controlfield tag="001">L240-27479</controlfield>
  <controlfield tag="003">IT-CnALBA</controlfield>
  <controlfield tag="008">170116c99999999xx ||||||||||||   ||und||</controlfield>
  <datafield tag="040" ind1=" " ind2=" ">
    <subfield code="a">IT-CnALBA</subfield>
    <subfield code="c">IT-CnALBA</subfield>
  </datafield>
  <datafield tag="041" ind1=" " ind2=" ">
    <subfield code="a">ITALIANO</subfield>
  </datafield>
  <datafield tag="100" ind1=" " ind2=" ">
    <subfield code="a">TRENTIN GIUSEPPE</subfield>
  </datafield>
  <datafield tag="210" ind1=" " ind2=" ">
    <subfield code="a">STUDIA PATAVINA</subfield>
  </datafield>
  <datafield tag="222" ind1=" " ind2=" ">
    <subfield code="a">STUDIA PATAVINA</subfield>
  </datafield>
  <datafield tag="245" ind1=" " ind2="0">
    <subfield code="a">STUDIA PATAVINA. MAGGIO-AGOSTO 1996. RIVISTA DI SCIENZE RELIGIOSE. </subfield>
  </datafield>
  <datafield tag="250" ind1=" " ind2=" ">
    <subfield code="a">1a ed.</subfield>
  </datafield>
  <datafield tag="260" ind1=" " ind2=" ">
    <subfield code="a"> PADOVA</subfield>
    <subfield code="b">SEMINARIO TIPOGRAFIA </subfield>
    <subfield code="c">1996 [1&#xB0; Ed.:1996 - Ed.Ling.Originale: 1996]</subfield>
  </datafield>
  <datafield tag="300" ind1=" " ind2=" ">
    <subfield code="a">247 p. </subfield>
  </datafield>
  <datafield tag="310" ind1=" " ind2=" ">
    <subfield code="a">QUADRIMESTRALE</subfield>
  </datafield>
  <datafield tag="362" ind1=" " ind2=" ">
    <subfield code="a">Fascicolo: 2 / Anno: 43 (1996)</subfield>
  </datafield>
  <datafield tag="500" ind1=" " ind2=" ">
    <subfield code="a">FEDE ETICA E VITA. IDENTIT&#xC0; DEL CATTOLICO E CRISI DI APPARTENENZA. CRISI DELL'IDENTIT&#xC0; MODERNA ED ESPERIENZA RELIGIOSA IN P. BERGER. ANFILOCHIO DI ICONIO E CANONE BIBLICO CONTRO GLI ERETICI. INDAGINE DELLA SOCIOLOGIA E CONFRONTO CON LA TEOLOGIA. PROSPETTIVE PER L'ORGANIZZAZIONE DELLA CHIESA IN ITALIA. FILOSOFIA DI GIUSEPPE RENSI. RECENSIONI BIBLIOGRAFICHE. COLLOQUIO EBRAICO CRISTIANO CAMALDOLI 1995. BISCONTIN C. CAPRARO G. </subfield>
  </datafield>
  <datafield tag="501" ind1=" " ind2=" ">
    <subfield code="a">Societ&#xE0; San Paolo EM - Piazza San Paolo, 14 - 12051 ALBA (CN)  (non commercial uses only) &#xAE; Copyright 2017</subfield>
  </datafield>
  <datafield tag="520" ind1=" " ind2=" ">
    <subfield code="a">FEDE ETICA E VITA. IDENTIT&#xC0; DEL CATTOLICO E CRISI DI APPARTENENZA. CRISI DELL'IDENTIT&#xC0; MODERNA ED ESPERIENZA RELIGIOSA IN P. BERGER. ANFILOCHIO DI ICONIO E CANONE BIBLICO CONTRO GLI ERETICI. INDAGINE DELLA SOCIOLOGIA E CONFRONTO CON LA TEOLOGIA. PROSPETTIVE PER L'ORGANIZZAZIONE DELLA CHIESA IN ITALIA. FILOSOFIA DI GIUSEPPE RENSI. RECENSIONI BIBLIOGRAFICHE. COLLOQUIO EBRAICO CRISTIANO CAMALDOLI 1995. BISCONTIN C. CAPRARO G. </subfield>
  </datafield>
  <datafield tag="650" ind1=" " ind2=" ">
    <subfield code="a">MISCELLANEA DI RELIGIONE</subfield>
  </datafield>
  <datafield tag="942" ind1=" " ind2=" ">
    <subfield code="c">CR</subfield>
  </datafield>
  <datafield tag="957" ind1=" " ind2=" ">
    <subfield code="7">1</subfield>
  </datafield>
  <datafield tag="999" ind1=" " ind2=" ">
    <subfield code="a">32268</subfield>
    <subfield code="b">NO</subfield>
    <subfield code="g">1</subfield>
    <subfield code="c">322852</subfield>
    <subfield code="d">322852</subfield>
  </datafield>
  <datafield tag="952" ind1=" " ind2=" ">
    <subfield code="0">0</subfield>
    <subfield code="1">0</subfield>
    <subfield code="4">0</subfield>
    <subfield code="6">L_24027479</subfield>
    <subfield code="7">1</subfield>
    <subfield code="a">ALBA</subfield>
    <subfield code="b">ALBA</subfield>
    <subfield code="d">2017-01-16</subfield>
    <subfield code="l">0</subfield>
    <subfield code="o">L240-27479</subfield>
    <subfield code="r">2017-01-16 00:00:00</subfield>
    <subfield code="w">2017-01-16</subfield>
    <subfield code="y">CR</subfield>
    <subfield code="z">(data import: 16 gennaio 2017) - By Epidotti, Vaglietti. </subfield>
  </datafield>
</record>
